Highway Engineering (Record no. 7702)
[ view plain ]
| 000 -LEADER | |
|---|---|
| fixed length control field | 00278nam a2200121Ia 4500 |
| 008 - FIXED-LENGTH DATA ELEMENTS--GENERAL INFORMATION | |
| fixed length control field | 191201s2014 xx 000 0 und d |
| 100 ## - MAIN ENTRY--PERSONAL NAME | |
| Personal name | KHANNA, S K |
| 245 #0 - TITLE STATEMENT | |
| Title | Highway Engineering |
| 260 ## - PUBLICATION, DISTRIBUTION, ETC. (IMPRINT) | |
| Date of publication, distribution, etc | 2014 |
| Name of publisher, distributor, etc | Nem Chand |
| Place of publication, distribution, etc | N. Delhi |
| 300 ## - PHYSICAL DESCRIPTION | |
| Extent | 773 |
| 650 ## - SUBJECT ADDED ENTRY--TOPICAL TERM | |
| Topical term or geographic name as entry element | CIVIL |
| 942 ## - ADDED ENTRY ELEMENTS (KOHA) | |
| Source of classification or shelving scheme | Dewey Decimal Classification |
| Koha item type | Book Bank |
| Withdrawn status | Lost status | Source of classification or shelving scheme | Damaged status | Not for loan | Collection code | Home library | Current library | Date acquired | Source of acquisition | Cost, normal purchase price | Bill Number | Total Checkouts | Acc. no. / Barcode | Date last seen | Date last borrowed | Actual Cost, discounted price | Bill Date | Koha item type |
|---|---|---|---|---|---|---|---|---|---|---|---|---|---|---|---|---|---|---|
| Dewey Decimal Classification | B.Tech(CE) | PIET C-LIBRARY | PIET C-LIBRARY | 06/02/2016 | KIRTI PRAKASHAN, NEW DELHI | 250.00 | IN3608 | 1 | BB12212 | 01/03/2021 | 24/02/2020 | 207.50 | 04/02/2016 | Book Bank | ||||
| Dewey Decimal Classification | B.Tech(CE) | PIET C-LIBRARY | PIET C-LIBRARY | 06/02/2016 | KIRTI PRAKASHAN, NEW DELHI | 250.00 | IN3608 | BB12213 | 04/12/2019 | 207.50 | 04/02/2016 | Book Bank | ||||||
| Dewey Decimal Classification | B.Tech(CE) | PIET C-LIBRARY | PIET C-LIBRARY | 06/02/2016 | KIRTI PRAKASHAN, NEW DELHI | 250.00 | IN3608 | 2 | BB12214 | 26/10/2021 | 05/04/2021 | 207.50 | 04/02/2016 | Book Bank |